Statistiken für Borussia Dortmund Kader 2023/24

Klicken Sie hier um das Quiz zu spielen!

Allgemein

  • Dieses Quiz wurde 409 mal gespielt
  • Das Durchschnittsergebnis liegt bei 21 aus 28

Antwortstatistiken

NummerSpieler% Korrekt
1Gregor Kobel
100%
15Mats Hummels
97%
4Nico Schlotterbeck
96%
11Marco Reus
95%
25Niklas Süle
95%
14Niclas Füllkrug
92%
19Julian Brandt
91%
9Sebastian Haller
89%
23Emre Can
88%
33Alexander Meyer
84%
18Youssoufa Moukoko
84%
27Karim Adeyemi
82%
21Donyell Malen
81%
43Jamie Bynoe-Gittens
80%
6Salih Özcan
80%
26Julian Ryerson
78%
5Ramy Bensebaini
76%
7Giovanni Reyna
75%
17Marius Wolf
74%
20Marcel Sabitzer
73%
8Felix Nmecha
70%
24Thomas Meunier
62%
2Mateu Morey
61%
35Marcel Lotka
55%
16Julien Duranville
47%
47Antonios Papadopoulos
39%
32Abdoulaye Kamara
29%
30Ole Pohlmann
28%

Verteilung der Resultate

Perzentil nach korrekt beantworteten Fragen

Anzahl Personen mit jedem Resultat

Ihre Resultats-Entwicklung

Sie haben dieses Quiz noch nicht gespielt